A pattern language / Un lenguaje de patrones (Registro nro. 158927)

Detalles MARC
000 -LEADER
fixed length control field 01123nam a22002657a 4500
005 - DATE AND TIME OF LATEST TRANSACTION
control field 20211125132924.0
008 - FIXED-LENGTH DATA ELEMENTS--GENERAL INFORMATION
fixed length control field 211117b sp ||||| |||| 00| 0 spa d
020 ## - INTERNATIONAL STANDARD BOOK NUMBER
International Standard Book Number 8425209854
050 04 - LIBRARY OF CONGRESS CALL NUMBER
Classification number NA2500
Item number A44 1980
100 1# - MAIN ENTRY--PERSONAL NAME
Personal name Alexander, Christopher,
240 12 - UNIFORM TITLE
Uniform title A pattern language towns, buildings, construction
Language of a work Español
245 12 - TITLE STATEMENT
Title A pattern language / Un lenguaje de patrones
Remainder of title : ciudades, edificios, construcciones,
Statement of responsibility, etc / Christopher Alexander, Sara Ishikawa, Murray Silverstein, con la colaboración de Max Jacobson, versión castellana de Justo G. Beramendi, revisión bibliográfica por Joaquim Romaguera i Ramio
250 ## - EDITION STATEMENT
Edition statement 1a ed.
260 ## - PUBLICATION, DISTRIBUTION, ETC. (IMPRINT)
Place of publication, distribution, etc Barcelona, España :
Name of publisher, distributor, etc Gustavo Gili,
Date of publication, distribution, etc 1980.
300 ## - PHYSICAL DESCRIPTION
Extent 1016 p.:
Other physical details il.;
Dimensions 24 cm.
490 #0 - SERIES STATEMENT
Series statement Arquitectura / perspectivas
546 ## - LANGUAGE NOTE
Language note Textos en ingles y español
650 #7 - SUBJECT ADDED ENTRY--TOPICAL TERM
Source of heading or term lemb
Topical term or geographic name as entry element Simbolismo en arquitectura
650 #7 - SUBJECT ADDED ENTRY--TOPICAL TERM
Source of heading or term lemb
Topical term or geographic name as entry element Semiótica
700 1# - ADDED ENTRY--PERSONAL NAME
Personal name Ishikawa, Sara,
Relator term autor
700 1# - ADDED ENTRY--PERSONAL NAME
Personal name Jacobson, Max,
Relator term colaborador
700 1# - ADDED ENTRY--PERSONAL NAME
Personal name G. Beramendi, Justo.
Relator term traductor.
700 1# - ADDED ENTRY--PERSONAL NAME
Personal name Romaguera, i Ramio, Joaquim,
Relator term revisor.
942 ## - ADDED ENTRY ELEMENTS (KOHA)
Source of classification or shelving scheme Biblioteca del Cogreso de los Estados Unidos
Koha item type Libro
Existencias
Estado de pérdida Fuente de clasificación Estado del daño No para préstamo Ubicación permanente Ubicación actual Apartado o colección Fecha de adquisición Edición Área del conocimiento Total Checkouts Clasificación Código de Barras Date last seen Número de copia Costo por reposición Tipo de recurso
  Biblioteca del Cogreso de los Estados Unidos     Biblioteca de la Unidad de Ciencias Ingeniería y Humanidades Biblioteca de la Unidad de Ciencias Ingeniería y Humanidades General 17/11/2021 1a ed. Educación y Humanidades   NA2500 A44 1980 BCU000009870 17/11/2021 1 1.00 Libro